000 01160cam a2200337 i 4500
001 3699281
005 20180530093957.0
008 790613s1979 nyua b 001 0 eng
010 _a 79016410
020 _a0393012700
040 _aDLC
_cDLC
_dDLC
043 _an-us-ma
_an-usn--
100 1 _aJedrey, Christopher M.
245 1 4 _aThe world of John Cleaveland :
_bfamily and community in eighteenth-century New England /
_cby Christopher M. Jedrey.
250 _a1st ed.
260 _aNew York :
_bNorton,
_cc1979.
300 _axiii, 234 p. :
_bill. ;
_c21 cm.
336 _atext
337 _aunmediated
338 _avolume
500 _aIncludes index.
504 _aBibliography: p. 219-222.
600 1 0 _aCleaveland, John,
_d1722-1799.
650 0 _aCommunity life
_zMassachusetts
_zIpswich (Town)
_xHistory
_y18th century.
650 0 _aFamilies
_zMassachusetts
_zIpswich (Town)
_xHistory
_y18th century.
651 0 _aIpswich (Mass. : Town)
_xSocial conditions.
651 0 _aNew England
_xIntellectual life
_y18th century.
651 0 _aIpswich (Mass. : Town)
_vGenealogy.
651 0 _aNew England
_xChurch history.
942 _2lcc
_cBK
999 _c42214
_d42214